The Girl is Mine - Michael Jackson - Lyrics - Statistics

General Stats
  • This quiz has been taken 47 times
  • The average score is 303 of 368
Answer Stats
Answer % Correct
girl
100%
i
100%
I
100%
is
100%
mine
100%
(mine
100%
mine)
100%
mine,
100%
(mine,
100%
(Mine,
100%
the
100%
The
100%
a
97%
she
97%
She
97%
you
95%
he
92%
love
92%
me
92%
be
90%
don't
90%
Don't
90%
her
90%
I'm
90%
i'm
90%
dreams
87%
ever
87%
my
87%
she's
87%
She's
87%
(she's
87%
in
85%
No
85%
no
85%
(no
85%
no)
85%
(no,
85%
(No,
85%
that
85%
That
85%
to
85%
Every
82%
night
82%
not
82%
think
79%
we
79%
your
79%
Because
77%
know
77%
right
77%
doggone
74%
more
74%
one
74%
than
74%
time
74%
and
72%
And
72%
from
72%
go
72%
it
72%
met
72%
walks
72%
fight
69%
for
69%
heart
69%
so
69%
So
69%
(Take
69%
understand
69%
waste
69%
am
67%
endlessly
67%
fighter
67%
forever
67%
lover
67%
said
67%
said ?
67%
start
67%
way
67%
Who
67%
yours
67%
Michael
64%
only
64%
silly
64%
Since
64%
special
64%
told
64%
anywhere)
62%
But
62%
come
62%
have
62%
other
62%
another
59%
believe
59%
discover
59%
it's
59%
of
59%
Paul
59%
Saying
59%
(Loving
56%
loving
56%
or
56%
roses
56%
this
56%
Well
56%
with
56%
both
54%
cannot
54%
Cause
54%
just
54%
proud
54%
Really
54%
really
54%
share)
54%
couldn't
51%
day
51%
Sending
51%
will
51%
about
49%
you'll
49%
after
46%
dreaming
46%
going
46%
we're
46%
what
46%
blow
44%
keep
44%
mind
44%
town
44%
feel
41%
let
38%
all
36%
before
33%
That's
33%
down
31%
hopes
31%
yeah
28%
Yeah
28%
heard
26%
I've
26%
okay ?
26%
tell
26%
build
23%
remember
23%
she'll
21%
yep
21%
No matching quizzes found
Score Distribution
Percent of People with Each Score
Percentile by Number Answered
Your Score History
You have not taken this quiz